000 00794nam a22002297a 4500
003 UA-OsUOA
001 118842
007 ta
008 20160921b un ||||| |||| 00| 0 ukr d
090 _a81'37(082)
_bП78
942 _cBK
040 _aUA-OsUOA
_bukr
_cUA-OsUOA
_dUA-OsUOA
245 _aПроблеми семантики, прагматики та когнітивної лінгвістики
_bзбірник наукових праць
_cвідп. ред. Н. М. Корбозерова
300 _a464 с.
955 _a1
041 _aukr
080 _a81'37(082)
260 _aК.
_bЛогос
_c2013
250 _nВип. 24
650 7 _a8 Мовознавство. Художня література. Літературознавство
_2UDC
999 _c404955
_d404955